[Event "16th IRI-chT Super League 2017"]
[Site "Sari"]
[Date "2017.10.19"]
[Round "10"]
[White "Golizadeh, Asghar"]
[Black "Tahbaz, Arash"]
[Result "1/2-1/2"]
[WhiteElo "2466"]
[BlackElo "2398"]
[Annotator "TA"]
[PlyCount "144"]
[EventDate "2017.??.??"]
[EventType "team-tourn"]
[EventCountry "IRI"]
[SourceTitle "playchess.com"]
[Source "ChessBase"]
[SourceQuality "1"]

{[%evp 23,144,17,8,7,12,5,11,2,0,0,9,4,20,0,0,-10,-20,-15,-16,0,-17,0,20,22,53,46,70,70,90,52,55,6,6,6,5,2,9,9,10,0,0,0,0,0,0,0,0,0,0,0,0,0,0,0,0,0,0,0,0,0,0,0,0,0,0,0,0,0,0,0,0,0,0,0,0,0,0,0,0,0,0,0,0,0,0,0,0,0,0,0,0,0,0,0,40,0,0,0,0,0,0,0,0,0,0,0,0,0,0,0,0,0,0,0,0,0,0,0,0,0,0,0,245]} 1. d4 Nf6 2. g3 d5 3. Bg2 e6 4. Nf3 Be7 5. O-O O-O 6. c4 dxc4 7. Qc2 a6 8. a4 Bd7 9. Rd1 Bc6 10. Nc3 Bxf3 11. Bxf3 Nc6 12. Bxc6 bxc6 13. Bg5 {E05: Open Catalan: 5 Nf3 Be7} a5 (13... Rb8 14. e3 c5 15. dxc5 Qe8 16. Rd4 Nd7 17. Bxe7 Qxe7 18. c6 Ne5 19. Qe4 Qc5 20. Nd5 Nd3 21. Nxc7 Nxf2 22. Kxf2 Rxb2+ {0-1 (31) Xiong,J (2674)-So,W (2822) Saint Louis 2017}) 14. e3 Rb8 15. Bxf6 Bxf6 16. Rac1 Rb4 17. Na2 Rb3 18. Qe2 $146 {[#]} ({Predecessor:} 18. Qxc4 Rxb2 19. Nc3 Rb6 20. Qc5 Be7 21. Qxa5 {½-½ (28) Quaresma,L (2392)-Lelenko,A (2452) ICCF email 2010}) 18... c5 $1 {[%cal Rc5d4][%mdl 512]} 19. Rxc4 (19. dxc5 Rxb2) 19... cxd4 20. exd4 {[%cal Be3d4,Bd4d5][%mdl 32]} Qb8 21. Rd2 $1 Rd8 22. Nc3 $1 Qb6 {[%cal Rf6d4]} 23. d5 $1 {[%cal Rd5e6] With the idea dxe6.} Bxc3 24. bxc3 {[#] Threatens to win with dxe6.} Rb1+ 25. Kg2 Qb7 26. Rc5 exd5 27. Qe7 {[%cal Re7d8]} d4+ $1 28. f3 {[%cal Re7d8]} Rf8 29. Rxc7 Qa6 {[%csl Gb1][%cal Ra6f1]} 30. c4 Qb6 31. Rd7 Rb2 $1 {[%cal Rb2d2]} 32. Rxb2 Qxb2+ $11 {[%mdl 4096] Endgame KQR-KQR} 33. Kh3 {Threatening mate with Rd8.} h6 34. Rd8 Rxd8 35. Qxd8+ {KQ-KQ} Kh7 36. Qxa5 Qc2 37. Qd5 d3 {And now ...d2 would win.} 38. Qf5+ Kg8 39. Qc8+ Kh7 {White must now prevent ...d2.} 40. Qf5+ Kg8 41. c5 g6 42. Qe4 $1 Qc3 {aiming for ...d2.} 43. c6 d2 44. Qd5 Qc2 45. c7 Kg7 46. Qd4+ Kh7 47. Qd7 d1=Q 48. Qxf7+ Kh8 49. Qe8+ Kg7 50. Qe7+ Kh8 51. Qd8+ Kg7 52. Qxd1 Qxd1 53. c8=Q {Hoping for Qc7+.} Qxf3 {KQ-KQ} 54. Qd7+ Kg8 55. Qe6+ Kh7 56. Qe7+ Kg8 57. Qd8+ Kh7 58. Qc7+ Kh8 59. Qc4 {Strongly threatening Qb5.} (59. Qf4 $5 {[%cal Rf4f3]} Qh5+ 60. Kg2 $16) 59... g5 {The position is equal.} 60. Qd4+ Kh7 61. Qd7+ Kg6 62. Qe6+ Kg7 63. Qe7+ Kg6 {( -> ...Qf1+)} 64. Qe6+ Kg7 65. a5 h5 {[%cal Rf3f1]} 66. Qe7+ Kh6 {[%cal Rf3f1]} 67. Qd6+ Kg7 {[%cal Rf3f1]} 68. Qc7+ Kh6 {[%cal Rf3f1]} 69. Qb6+ Kg7 {[%cal Rf3f1]} 70. Qc7+ Kh6 {[%cal Rf3f1]} 71. Qb6+ Kg7 {[%cal Rf3f1]} 72. Qb5 Kh7 $2 {Precision: White = 79%, Black = 74%.} (72... Kg6 $11 73. Qe8+ Kh6 74. Qh8+ Kg6 75. Qg8+ Kh6 76. Qe6+ Kg7 77. Qe7+ Kg6 78. Qe6+ Kg7) 1/2-1/2

[Event "16th IRI-chT Super League 2017"]
[Site "Sari"]
[Date "2017.10.19"]
[Round "10"]
[White "Mousavi, Seyed Khalil"]
[Black "Lorparizangeneh, Shahin"]
[Result "1/2-1/2"]
[WhiteElo "2456"]
[BlackElo "2486"]
[Annotator "TA"]
[PlyCount "135"]
[EventDate "2017.??.??"]
[EventType "team-tourn"]
[EventCountry "IRI"]
[SourceTitle "playchess.com"]
[Source "ChessBase"]
[SourceQuality "1"]

{[%evp 19,135,0,0,0,0,-4,-2,-29,-30,-25,0,-20,0,-13,36,41,34,9,24,21,37,18,28,15,13,14,12,10,91,92,171,66,77,79,64,71,79,70,67,59,54,43,39,39,41,16,16,16,72,54,54,54,51,44,54,54,55,43,92,92,93,93,93,93,93,93,93,93,93,93,93,93,93,93,93,93,93,93,93,93,93,0,93,93,93,93,93,93,29950,6095,12527,0,93,0,93,0,93,93,93,51,93,0,93,0,93,93,93,93,93,69,69,47,47,47,47,8,8,8]} 1. e4 e5 2. Nc3 Nf6 3. g3 d5 4. exd5 Nxd5 5. Bg2 Nxc3 6. bxc3 Bc5 7. Nf3 Nc6 8. O-O O-O 9. d3 Bg4 {C47: Scotch Four Knights and Four Knights with 4 g3} 10. Qe1 f6 {LiveBook: 3 Games} 11. Nd2 Qd7 12. Rb1 Bb6 $146 ({Predecessor:} 12... Bh3 13. Bxh3 Qxh3 14. Qe4 Bb6 15. Nc4 Qe6 16. Rb5 Rad8 17. a4 {0-1 (35) Antal,G (2539)-Ipatov,A (2648) Gjakova 2016}) 13. Ba3 Rfe8 14. Qe4 Kh8 15. Nb3 Bf5 16. Qa4 Nd8 17. Qxd7 Bxd7 18. Nc5 Bxc5 19. Bxc5 Rb8 20. Bxa7 Ra8 21. Be3 Rxa2 22. Rfc1 Ba4 23. Rb4 b5 (23... b6 $11 {keeps the balance.}) 24. c4 $16 Rxc2 {[#]} (24... bxc4 $16 25. Rxc4 c6) 25. cxb5 (25. Ra1 $1 $18) 25... Rxc1+ $14 26. Bxc1 Bc2 27. Be4 Ne6 28. Be3 Rd8 29. Rc4 Bb3 $1 {[%cal Rb3c4]} ({Much weaker is} 29... Bxd3 $6 30. Bxd3 Rxd3 31. Rc6 $16) 30. Rc6 Kg8 31. Bf5 Kf7 32. Bxe6+ Bxe6 33. Rxc7+ Rd7 (33... Kg6 $1 $11) 34. Rxd7+ Bxd7 $16 {[%mdl 4096] Endgame KB-KB} 35. b6 Bc6 36. f4 e4 37. dxe4 Bxe4 38. f5 g6 39. fxg6+ hxg6 40. Kf2 f5 41. Bg5 Ke6 42. Ke3 Bb7 43. Kf4 Bc6 44. Bd8 Bb7 45. h4 Bc6 46. Bc7 Bb7 47. Be5 Bc6 48. Bc3 Bb7 49. Bb4 Kf6 50. Bc3+ Ke6 51. Kg5 Kf7 52. Bb4 Bc8 53. Ba3 Kg7 $2 {[%mdl 8192]} (53... Bb7 $16 54. Kf4 Ke6) 54. Bb2+ (54. Be7 $142 f4 55. Kxf4 Kf7 56. Bb4 Ke6 57. Kg5 Kf7 58. Be1 Bb7 59. Bb4) 54... Kf7 {[#]} 55. Bc3 $2 (55. Bf6 $1 $18 {[%cal Rf6d4]} f4 56. gxf4) 55... Bb7 56. Kf4 {Ke5 is the strong threat.} Ke6 57. Bb4 Kf6 $1 58. Ke3 Ke6 59. Bc3 Bc6 60. Kf4 Bb7 $1 61. Kg5 Kf7 $1 62. Bf6 {Strongly threatening h5.} Be4 63. Bd8 Bb7 64. h5 gxh5 65. Kxf5 Ke8 $1 {[%cal Re8d8]} 66. Bc7 Kd7 67. g4 hxg4 68. Kxg4 {Precision: White = 62%, Black = 58%.} 1/2-1/2

[Event "16th IRI-chT Super League 2017"]
[Site "Sari"]
[Date "2017.10.19"]
[Round "10"]
[White "Hosseinzadeh, Nima"]
[Black "Soozankar, A M"]
[Result "1/2-1/2"]
[WhiteElo "2307"]
[BlackElo "2340"]
[Annotator "TA"]
[PlyCount "114"]
[EventDate "2017.??.??"]
[EventType "team-tourn"]
[EventCountry "IRI"]
[SourceTitle "playchess.com"]
[Source "ChessBase"]
[SourceQuality "1"]

{[%evp 19,114,21,24,25,64,61,82,85,75,78,108,37,44,37,57,54,42,41,68,15,81,83,91,91,91,91,91,91,91,91,437,260,259,258,483,383,402,208,581,584,584,584,571,412,543,501,584,583,583,577,601,583,583,577,570,564,551,500,1965,500,491,453,422,0,414,0,369,193,165,0,0,0,0,0,0,0,0,0,12840,12840,12841,0,0,0,0,0,0,0,0,0,0,0,0,0,0,0,0]} 1. e4 c5 2. Nf3 Nc6 3. d4 cxd4 4. Nxd4 Nf6 5. Nc3 d6 6. Bc4 Bd7 7. Bb3 g6 8. f3 Nxd4 9. Qxd4 Bg7 10. Bg5 O-O 11. Qd2 {B57: Classical Sicilian: Sozin with 6...Qb6} (11. Qe3 b5 12. a3 a5 13. O-O Rb8 14. Rfd1 a4 15. Ba2 b4 16. axb4 Rxb4 17. e5 dxe5 18. Qa7 Rd4 19. Rxd4 exd4 20. Qxd4 a3 21. bxa3 Ng4 22. Qc5 Bxc3 23. Rd1 Ba5 24. Rb1 Nf6 25. h4 Bc7 {0-1 (25) Bartel,M (2662)-Xu,J (2523) Doha 2014}) 11... a5 12. a4 Be6 $146 ({Predecessor:} 12... Rc8 13. O-O Bc6 14. Kh1 Nd7 15. Rad1 Nc5 16. Bc4 Re8 17. b3 Qb6 18. Rb1 {½-½ (18) Zapata Ferrada,M (2375)-Llorens Sepulveda,M (2353) Santiago de Chile 2009}) 13. Bxe6 {White is better.} fxe6 14. O-O-O Rc8 15. e5 (15. Nb5 $1 $16) 15... dxe5 16. Qxd8 Rfxd8 17. Rxd8+ Rxd8 18. Rd1 Rd4 19. Be3 (19. b3 $14) 19... Rxd1+ (19... Rc4 $11) 20. Kxd1 $16 e4 21. Nxe4 Nxe4 22. fxe4 Bxb2 {[%mdl 4096] Endgame KB-KB} 23. Kd2 Be5 24. h3 {[%mdl 1024] White has strong compensation.} Bc7 $2 {[%mdl 8192]} (24... Kf7 $16 {is a better chance.}) 25. Kd3 (25. Bd4 $142 e5 26. Be3) 25... Kf7 26. Bd4 Ke8 $2 {[#]} (26... Bg3 27. Kc4 Bc7) 27. Kc4 $1 $18 Kd7 28. Kb5 Bf4 $2 (28... g5 {is more resistant.} 29. Bb6 h6) 29. Kb6 Kc8 30. Kxa5 Kc7 31. Kb5 Bg3 32. c4 Bf4 33. a5 Bg3 34. Bc5 Bd6 35. Bb6+ Kd7 36. Bd4 Kc7 37. g4 Bf4 38. Bc5 Bd6 (38... Bg5 $142 39. Bb6+ Kd7) 39. Bb6+ (39. Bxd6+ $142 exd6 40. g5) 39... Kd7 40. Bd4 Kc7 41. Bb6+ Kd7 42. Bd4 Kc7 $1 43. c5 (43. Bc5 $142 h5 44. gxh5 gxh5 45. Bb6+ Kd7 46. Be3) 43... Bf4 44. c6 $2 (44. Bc3 $18) 44... bxc6+ $11 45. Kc4 Kb7 46. Bc3 Be3 47. Bd4 Bxd4 48. Kxd4 {KP-KP} Ka6 $2 {[%mdl 8192] [#]} (48... g5 $11) 49. Kc5 $1 $18 Kxa5 50. e5 $2 (50. g5 $18 Ka6 51. Kxc6) 50... g5 $1 $11 {The position is equal.} 51. Kxc6 {aiming for Kd7.} Kb4 $1 {[%cal Rb4c4]} 52. Kd7 Kc5 53. Kxe6 Kd4 54. Kxe7 Kxe5 55. Kf7 Kf4 {...Kg3 is the strong threat.} 56. Kf6 Kg3 {And now ...h6 would win.} 57. Kxg5 {Intending h4 and mate.} Kxh3 {Precision: White = 66%, Black = 43%.} 1/2-1/2

[Event "16th IRI-chT Super League 2017"]
[Site "Sari"]
[Date "2017.10.19"]
[Round "10"]
[White "Bolourchifard, Farzad"]
[Black "Tabatabaei, M amin"]
[Result "0-1"]
[WhiteElo "2303"]
[BlackElo "2566"]
[Annotator "TA"]
[PlyCount "72"]
[EventDate "2017.??.??"]
[EventType "team-tourn"]
[EventCountry "IRI"]
[SourceTitle "playchess.com"]
[Source "ChessBase"]
[SourceQuality "1"]

{[%evp 19,72,0,20,-15,-15,-39,-31,-41,-45,-62,-54,-63,-39,-52,-50,-47,-48,-81,-92,-118,-118,-114,-100,-147,-139,-141,-165,-163,-164,-176,-177,-160,-160,-166,-160,-142,-151,-149,-139,-146,-146,-318,-290,-327,-316,-1406,-1375,-29979,-29980,-29980,-29981,-29981,-1645,-5839,-5822]} 1. e4 c6 2. d4 d5 3. Nc3 dxe4 4. Nxe4 Bf5 5. Ng3 Bg6 6. Nf3 Nd7 7. h4 h6 8. h5 Bh7 9. Bd3 Bxd3 10. Qxd3 e6 {LiveBook: 4611 Partien} 11. c3 {B19: Caro-Kann (Hauptvariante)} (11. Bd2 Ngf6 12. O-O-O Bd6 13. Ne4 Nxe4 14. Qxe4 Nf6 15. Qe2 Bc7 16. Kb1 Qd5 17. c4 Qe4+ 18. Qxe4 Nxe4 19. Be1 O-O-O 20. Kc2 Rhe8 21. Ne5 f6 22. Ng6 {½-½ (32) Kovalev,V (2640)-Shimanov,A (2646) Saint Louis 2017}) 11... Ngf6 12. Be3 Qa5 13. Nd2 $146 {Schwarz steht etwas besser.} ({Vorgänger:} 13. Bf4 Be7 14. a3 c5 15. O-O cxd4 16. b4 Qb6 17. Nxd4 e5 18. Rae1 exf4 {1-0 (26) Petrenko,S (2319)-Gromova,I (2255) St Petersburg 2007}) 13... Be7 14. Nb3 Qc7 (14... Qd5 {is more complex.} 15. O-O-O Qxg2 16. Rhg1 Qf3 17. Nd2 Qd5) 15. Ne4 O-O 16. Nxf6+ Nxf6 17. O-O-O a5 18. Kb1 a4 19. Nc1 a3 {Droht ...axb2 und aus.} 20. b3 Rfd8 21. f3 c5 22. Ne2 b5 23. Qxb5 {[%cal Rd4c5]} Nd5 $1 {[%cal Rd5e3]} 24. Bd2 Rdb8 $1 {[%cal Rb8b5]} 25. Qc4 Nb6 $1 {[%cal Rb6c4]} 26. Qd3 {zielt auf Lf4 ab.} c4 $1 {[%cal Rc4d3]} 27. Qc2 cxb3 28. axb3 Nd5 {[%cal Bb6d5,Bd5b4,Bb4d3][%mdl 32] Und ...Txb3+! würde nun gewinnen.} 29. Ka1 a2 $1 $36 {[%mdl 2048] Läuft bei Schwarz.} 30. g4 $2 (30. Nc1 $17 {ist eine bessere Verteidigung.}) 30... Nb4 $1 $19 {[%cal Rb4c2]} 31. Qe4 {[#]} Nd3 $1 {[%mdl 512]} 32. Qxd3 $2 (32. Nc1 Nf2 33. Qc2) 32... Rxb3 {( -> ...Db6)} 33. Nc1 {[#]} Qc4 $1 {[%mdl 512]} 34. Qc2 (34. Qxc4 Rb1#) 34... Rb1+ 35. Qxb1 axb1=Q+ (35... axb1=R+ $142 36. Kxb1 {[#]} e5 $1 {[%mdl 512]} 37. Kc2 exd4 38. Rde1 d3+ $1 {[%mdl 512]} 39. Nxd3 Qa4+ 40. Kb1 Qa2+ 41. Kc1 Qb3 42. Bxh6 Qxc3+ 43. Kd1 Qxd3+ 44. Bd2 Ra1#) 36. Kxb1 Qa4 {Precision: Weiß = 32%, Schwarz = 96%.} 0-1

[Event "16th IRI-chT Super League 2017"]
[Site "Sari"]
[Date "2017.10.19"]
[Round "10"]
[White "Bagheri, Maziar"]
[Black "Ghaem Maghami, Ehsan"]
[Result "0-1"]
[WhiteElo "2283"]
[BlackElo "2564"]
[Annotator "TA"]
[PlyCount "65"]
[EventDate "2017.??.??"]
[EventType "team-tourn"]
[EventCountry "IRI"]
[SourceTitle "playchess.com"]
[Source "ChessBase"]
[SourceQuality "1"]

{[%evp 15,65,2,11,0,0,0,3,0,26,35,39,23,31,-39,0,0,0,0,0,0,0,0,13,0,0,-4,0,0,5,-48,0,-29,30,20,16,-16,0,0,0,-10,0,-79,-79,-79,-75,-89,-85,-85,-84,-89,-96,-588]} 1. Nf3 c5 2. c4 Nc6 3. Nc3 g6 4. g3 Bg7 5. Bg2 d6 6. O-O e6 7. e3 Nge7 8. d4 O-O 9. d5 {A37: Symmetrical English vs ...g6: 4 Bg2 Bg7 5 Nf3} (9. Re1 Re8 10. b3 Nf5 11. Bb2 cxd4 12. exd4 Nfxd4 13. Nxd4 Nxd4 14. Ne4 e5 15. Nxd6 Qxd6 16. Bxd4 Qc7 17. Bc3 Bd7 18. Qd5 Bc6 19. Qc5 Qb6 20. Qxb6 {½-½ (20) Svidler,P (2749)-Gelfand,B (2728) Geneve 2017}) 9... Na5 10. Qd3 a6 11. e4 {The position is equal.} exd5 12. cxd5 b5 13. Re1 $146 ({Predecessor:} 13. Bf4 Bg4 14. Rfe1 Nc4 15. b3 Bxf3 16. Qxf3 Ne5 {0-1 (45) Mileto,G (2222)-Kasparov,S (2482) Venice 2003}) 13... Bg4 14. e5 (14. Bf4 $14) 14... Bxf3 15. exd6 Nf5 {Threatens to win with ...Bxg2.} 16. Qxf3 Nxd6 17. Bf4 Nac4 18. Rac1 Re8 19. b3 Ne5 {[%cal Bc4e5,Be5d3,Bd3f2][%mdl 32]} 20. Qd1 c4 21. bxc4 bxc4 22. Rc2 (22. Ne4 $11) 22... Qa5 {next ...Nd3 is good for Black.} 23. Bd2 Qc7 (23... Qb6 $142) 24. Ne4 $11 Nd3 25. Nxd6 Qxd6 26. Rxe8+ Rxe8 27. Be3 h5 28. Qe2 {[#]} (28. Qd2 $11) 28... Bh6 $1 $17 {[%mdl 512] Hoping for ...Bxe3.Black is better.} 29. Rxc4 (29. Bxh6 Rxe2) 29... Nxf2 $1 30. Bc5 Rxe2 31. Bxd6 {[#]} Ng4 $1 {...Be3+ is the strong threat.} 32. Bf4 Bxf4 33. gxf4 $2 {[%mdl 8192] Precision: White = 33%, Black = 64%.} (33. Rxf4 $17 Rxa2 34. h3) 0-1

[Event "16th IRI-chT Super League 2017"]
[Site "Sari"]
[Date "2017.10.19"]
[Round "10"]
[White "Faghirnavaz, Ali"]
[Black "Asgarizadeh, Ahmad"]
[Result "0-1"]
[WhiteElo "2245"]
[BlackElo "2415"]
[Annotator "TA"]
[PlyCount "68"]
[EventDate "2017.??.??"]
[EventType "team-tourn"]
[EventCountry "IRI"]
[SourceTitle "playchess.com"]
[Source "ChessBase"]
[SourceQuality "1"]

{[%evp 13,68,-3,4,-8,4,0,19,-13,0,-64,-43,-56,0,0,0,0,6,0,0,-39,-56,-94,-91,-111,-102,-111,-112,-111,-109,-119,-119,-198,-189,-181,-176,-225,-211,-304,-257,-260,-270,-232,-187,-187,-78,-323,-300,-389,-368,-358,-347,-790,-727,-1126,-1148,-1011,-1104]} 1. Nf3 d5 2. g3 c6 3. Bg2 Bg4 4. c4 e6 5. O-O Nd7 6. cxd5 exd5 7. d4 Ngf6 8. Bf4 {D11: Slav Defence: 3 Nf3 sidelines and 3...Nf6 4 e3 Bg4} (8. Nc3 Bd6 9. h3 Bxf3 10. Bxf3 O-O 11. Re1 Re8 12. Qd3 Nb6 13. Rb1 Qe7 14. Bg5 h6 15. Bxf6 Qxf6 16. b4 a6 {½-½ (36) Dragun,K (2586)-Solak,D (2622) Biel 2015}) 8... Qb6 9. Qd3 $146 ({Predecessor:} 9. Qc2 Be7 10. Nbd2 O-O 11. Rac1 Rfe8 12. Nb3 Ne4 13. Ne5 Nxe5 14. dxe5 Bf5 15. Qd1 Rad8 {½-½ (81) Dmitriev,V (1850)-Volkov,S (2045) Vorkuta 2013}) 9... Qxb2 10. Nc3 {The position is equal.} Bb4 11. Na4 (11. Rfc1 $11) 11... Qa3 $15 12. Qc2 Nb6 (12... b5 $1 $15 13. Nb2 (13. Qxc6 O-O $15) 13... O-O) 13. Nc5 Bxc5 14. dxc5 Nc4 15. Ne5 Qxc5 16. Rab1 b5 17. Bg5 {[#] Black must now prevent Bxf6.} Be6 18. Nxc4 bxc4 ({But not} 18... dxc4 $6 19. Be3 $15) 19. Bxf6 gxf6 20. Qc3 Qe7 21. Rfd1 O-O 22. Rd4 (22. e4 $17 {is a better defense.}) 22... Rab8 $19 23. Rf1 Qc7 24. Rh4 Qe5 25. Qc1 (25. Qf3 {keeps fighting.}) 25... Bf5 {aiming for ...Rb1.} 26. Rh5 {[#] Threatens to win with e4!} Qe6 $1 27. e4 dxe4 28. Re1 Rb5 (28... e3 $19 {and Black stays clearly on top.} 29. Rxe3 Rb1 30. Qxb1 Bxb1 31. Rxe6 fxe6) 29. Qc3 $2 (29. Bf1 $17) 29... Bg6 30. Rh4 Rd8 31. Bf1 Rc5 32. Qa3 $2 (32. Rc1 Qe5 33. Qxe5 fxe5 34. Rxc4 Rxc4 35. Bxc4) 32... Qe5 {Black is clearly winning.} 33. Rf4 c3 {[%cal Bc4c3,Bc3c2][%mdl 32]} 34. Qc1 c2 {Precision: White = 39%, Black = 71%.} 0-1

[Event "16th IRI-chT Super League 2017"]
[Site "Sari"]
[Date "2017.10.19"]
[Round "10"]
[White "Behzad Nazif, Parva"]
[Black "Zahedifar, Anahita"]
[Result "1/2-1/2"]
[WhiteElo "1957"]
[BlackElo "2063"]
[Annotator "NA RC"]
[PlyCount "113"]
[EventDate "2017.??.??"]
[EventType "team-tourn"]
[EventCountry "IRI"]
[SourceTitle "playchess.com"]
[Source "ChessBase"]
[SourceQuality "1"]
[TimeControl "5400+30"]

{[%evp 8,113,22,22,22,13,20,32767,32767,32767,32767,-6,5,-8,0,0,0,0,34,22,20,16,25,13,22,0,14,-5,0,0,23,8,8,0,79,85,67,72,98,89,110,18,35,37,68,81,95,53,174,188,200,32767,32767,83,91,104,90,32767,32767,127,32767,125,32767,32767,32767,109,32767,147,601,12,32767,0,10,0,11,0,0,0,0,0,0,32767,32767,32767,0,0,0,32767,32767,32767,0,0,0,0,0,0,0,0,0,0,0,0,0,0,0,0,0,0]} 1. e4 {[%emt 0:03:22]} c6 {[%emt 0:00:04]} 2. d4 {[%emt 0:00:08]} d5 {[%emt 0:00:09]} 3. Nc3 {[%emt 0:00:05]} dxe4 {[%emt 0:01:16]} 4. Nxe4 {[%emt 0:00:08]} Bf5 {[%emt 0:02:18]} 5. Ng3 {[%emt 0:00:09]} Bg6 $1 {[%emt 0:00:05]} 6. h4 {[%emt 0:00:08]} h6 {[%emt 0:00:14]} 7. Nf3 {[%emt 0:00:06]} Nd7 {[%emt 0:00:05]} 8. h5 {[%emt 0:00:07]} Bh7 {[%emt 0:00:01]} 9. Bd3 {[%emt 0:00:13]} Bxd3 {[%emt 0:00:16]} 10. Qxd3 {[%emt 0:00:07]} e6 {[%emt 0:00:31]} 11. Bd2 {[%emt 0:00:09]} Ngf6 {[%emt 0:00:23]} 12. O-O-O {[%emt 0:00:09]} Bd6 {[%emt 0:00:10]} 13. Ne4 {[%emt 0:00:09]} Bc7 {[%emt 0:00:18]} 14. Kb1 {[%emt 0:02:35] B19: Classical Caro-Kann: 4...Bf5 main line} Nxe4 {[%emt 0:02:40]} 15. Qxe4 {[%emt 0:00:14]} Nf6 {[%emt 0:00:02]} 16. Qe2 {[%emt 0:00:36]} Qd5 {[%emt 0:03:24]} 17. c4 {[%emt 0:04:19]} Qf5+ {[%emt 0:04:46] LiveBook: 3 Games} 18. Ka1 {[%emt 0:00:37] [#]} a5 $146 {[%emt 0:00:20]} ({Predecessor:} 18... Rd8 19. Rh4 c5 20. d5 O-O 21. g4 Nxg4 {0-1 (39) Debashis,D (2489)-Iturrizaga Bonelli,E (2625) Abu Dhabi 2015}) 19. Ne5 {[%emt 0:07:05]} c5 $1 {[%emt 0:06:55]} 20. Bc3 {[%emt 0:04:30]} Ne4 {[%emt 0:03:38]} (20... Qe4 $11 {keeps the balance.} 21. Qxe4 Nxe4) 21. g4 {[%emt 0:01:18]} Nxc3 {[%emt 0:00:55]} 22. bxc3 {[%emt 0:00:08]} (22. gxf5 $2 {loses.} Nxe2 23. fxe6 Bxe5 $19) 22... Qg5 {[%emt 0:04:06] [#]} 23. f4 $1 {[%emt 0:01:21]} Qe7 {[%emt 0:00:18]} 24. Rhe1 {[%emt 0:03:16]} (24. dxc5 $16 Rc8 25. Nd3) 24... cxd4 {[%emt 0:10:25]} 25. cxd4 {[%emt 0:00:47]} a4 {[%emt 0:00:41]} 26. c5 {[%emt 0:12:38]} O-O {[%emt 0:10:41]} 27. g5 Bxe5 {[%emt 0:09:11]} (27... hxg5 $14 28. fxg5 Qxg5) 28. Qxe5 {[%emt 0:13:48]} Rfd8 {[%emt 0:08:36]} 29. gxh6 {[%emt 0:01:41]} Qf6 {[%emt 0:00:06]} 30. Qxf6 {[%emt 0:05:51]} (30. hxg7 $18 Qxe5 31. fxe5 Kxg7 32. Kb2) 30... gxf6 {[%emt 0:00:01]} 31. Rg1+ {[%emt 0:00:31]} Kh8 {[%emt 0:05:03]} 32. Rg7 {[%emt 0:01:30]} Rd7 {[%emt 0:01:53]} 33. Kb2 {[%emt 0:08:17]} Rad8 {[%emt 0:03:39]} 34. Rdg1 {[%emt 0:07:05]} e5 {[%emt 0:05:55]} 35. fxe5 {[%emt 0:04:06]} fxe5 {[%emt 0:00:08]} 36. d5 {[%emt 0:02:20]} e4 {[%emt 0:04:01]} 37. d6 {[%emt 0:02:53]} e3 $2 {[%emt 0:03:05] [#]} (37... Re8 $16 38. Ka3 e3 39. Kxa4 e2) 38. Kc3 $2 {[%emt 0:02:31]} (38. h7 $1 $18 f5 39. Re7) 38... b6 {[%emt 0:00:32]} 39. Re1 {[%emt 0:02:58]} Re8 {[%emt 0:02:07]} 40. Kd4 {[%emt 0:01:14]} e2 {[%emt 0:00:40]} 41. Rg2 {[%emt 0:01:00]} bxc5+ {[%emt 0:00:54]} 42. Kxc5 {[%emt 0:00:08]} Rc8+ {[%emt 0:00:06]} 43. Kd5 {[%emt 0:00:23]} Rcd8 {[%emt 0:00:04]} 44. Rexe2 {[%emt 0:02:47]} Rxd6+ {[%emt 0:00:05]} 45. Kc5 {[%emt 0:00:07]} Rd5+ {[%emt 0:01:50]} 46. Kc4 {[%emt 0:00:35]} Rxh5 {[%emt 0:00:36]} 47. Ref2 {[%emt 0:01:14]} Rc8+ {[%emt 0:00:45]} 48. Kd4 {[%emt 0:00:39]} Rd8+ {[%emt 0:00:15]} 49. Kc4 {[%emt 0:00:05]} Rh4+ {[%emt 0:00:26]} 50. Kc3 {[%emt 0:00:13]} Rc8+ {[%emt 0:00:34]} 51. Kd3 {[%emt 0:00:17]} Rh3+ {[%emt 0:00:20]} 52. Kd4 {[%emt 0:00:20]} Rd8+ {[%emt 0:00:24]} 53. Kc4 {[%emt 0:00:05]} Rh4+ {[%emt 0:00:28]} 54. Kc3 {[%emt 0:00:04]} Rf8 {[%emt 0:02:23]} 55. Rf6 {[%emt 0:00:33]} Rc8+ {[%emt 0:00:12]} 56. Kd3 {[%emt 0:00:38]} Rh3+ {[%emt 0:00:52]} 57. Kd4 $11 {[%emt 0:00:18]} 1/2-1/2

[Event "16th IRI-chT Super League 2017"]
[Site "Sari"]
[Date "2017.10.19"]
[Round "10"]
[White "Esmaeili, Sanaz"]
[Black "Khademalsharieh, Sarasadat"]
[Result "0-1"]
[WhiteElo "1759"]
[BlackElo "2414"]
[Annotator "TA"]
[PlyCount "86"]
[EventDate "2017.??.??"]
[EventType "team-tourn"]
[EventCountry "IRI"]
[SourceTitle "playchess.com"]
[Source "ChessBase"]
[SourceQuality "1"]

{[%evp 12,86,18,18,34,0,29,32,23,13,15,0,0,0,0,-41,-40,-39,-38,-39,-38,-35,-45,-54,-42,-43,0,-46,-49,-48,-45,-64,-52,-83,-52,-63,-64,-63,-60,-84,-75,-74,-94,-101,-68,-70,-68,-102,-75,-211,-192,-245,-250,-250,-250,-259,-258,-258,-255,-236,-243,-245,-241,-248,-216,-235,-133,-126,-165,-1354,-1348,-1257,-1164,-6728,-6728,-5735,-5735]} 1. e4 e5 2. Nc3 Nc6 3. Bc4 Nf6 4. d3 Na5 5. Qf3 Bb4 (5... Nxc4 6. dxc4 d6 7. Nge2 Be7 8. O-O O-O 9. a4 Be6 10. b3 Nd7 11. Ng3 Bg5 12. Nf5 Bxc1 13. Raxc1 {½-½ (49) Artemiev,V (2692)-Radjabov,T (2742) Tbilisi 2017}) 6. Nge2 {C28: Vienna Game: 2...Nf6 3 Bc4 Nc6} Nxc4 7. dxc4 {LiveBook: 8 Games} O-O 8. O-O {White is slightly better.} c6 9. Bg5 Be7 $146 ({Predecessor:} 9... d6 10. a3 Ba5 11. h3 Be6 12. Rfd1 Bxc4 13. Ng3 h6 14. Bh4 g5 15. Nf5 Kh7 16. Rxd6 Qc8 17. Rxf6 {1-0 (17) Khamroev,R (2225)-Scott,J Edinburgh 2009}) 10. Rfd1 h6 11. Bxf6 (11. Bh4 {is interesting.} Re8 12. h3 b6 13. Rd3 g5 14. Bg3) 11... Bxf6 12. Ng3 g6 13. b3 Be7 14. Rd3 d6 15. c5 Qc7 $1 16. cxd6 Bxd6 17. a4 Be7 18. Rad1 a5 19. h3 (19. Nf5 $5) 19... Bg5 20. Qe2 Be6 21. Nb1 Kh7 22. Qe1 h5 23. Qc3 Be7 24. Nd2 Bb4 25. Qb2 f6 26. Nf3 Rad8 27. c3 Rxd3 28. Rxd3 Be7 29. Nf1 Qb6 30. c4 {[#]} (30. Ne3 $17 {was necessary.}) 30... Bxc4 $1 $19 {[%mdl 512]} 31. Rc3 (31. Rd7 $142 Rf7 32. Rxe7 Rxe7 33. Qa3) (31. bxc4 Qxb2) 31... Be6 32. Ne3 Rd8 33. Qc2 Bb4 34. Nc4 Qc5 35. Rd3 Rxd3 36. Qxd3 b5 37. axb5 cxb5 38. Ne3 a4 ({Better is} 38... Qc1+ $19 39. Kh2 Qc6) 39. bxa4 $17 bxa4 {[%cal Bb5a4,Ba4a3][%mdl 32] And now ...a3 would win.} 40. Nd5 $2 (40. Qa6 Bb3 41. Qxf6) 40... Bxd5 $19 {Black is clearly winning.} 41. exd5 a3 42. Nh4 Qc1+ 43. Kh2 Qf4+ {Precision: White = 25%, Black = 65%.} 0-1